The most common mistakes in English usage

Gorde:
Xehetasun bibliografikoak
Egile nagusia: Thomas Elliott Berry
Formatua: Liburua
Hizkuntza:Undetermined
Argitaratua: New York Chilton 1962
Gaiak:
Etiketak: Etiketa erantsi
Etiketarik gabe, Izan zaitez lehena erregistro honi etiketa jartzen!
Thư viện lưu trữ: Trung tâm Học liệu Trường Đại học Cần Thơ
LEADER 00479nam a2200169Ia 4500
001 CTU_744
008 210402s9999 xx 000 0 und d
082 |a 428 
082 |b B534 
100 |a Thomas Elliott Berry 
245 4 |a The most common mistakes in English usage 
245 0 |c Thomas Elliott Berry 
260 |a New York 
260 |b Chilton 
260 |c 1962 
650 |a english language - study and teaching 
980 |a Trung tâm Học liệu Trường Đại học Cần Thơ